Movies of The Simpsons Trivia - Statistics

General Stats
  • This quiz has been taken 18 times
  • The average score is 4 of 15
Answer Stats
Hint Answer % Correct
Milhouse is cast to play this character in Radioactive Man movie Fallout Boy
75%
Movie star whose political film is turned into a shoot-em-up by Homer Mel Gibson
42%
Main villain of the McBain films Mendoza
33%
Film starring Troy McClure and Miss Piggy The Muppets Go Medieval
33%
Film about an ape president Hail to the Chimp!
25%
'India's answer to Brian Dennehy' Otm Shank
25%
Star of 'Help, My Son is a Nerd' Rainier Wolfcastle
25%
Political thriller, disrupted in cinema by Homer The Stockholm Affair
25%
Celebrity cameos in The Itchy & Scratchy Movie Dustin Hoffman
17%
Film whose star has 'a diaper full of headlines' Editor-In-Chimp
17%
Julia Roberts film featuring two grooms Love is Nice
17%
Starring voice actor in Truckasaurus: The Movie Marlon Brando
17%
" " Michael Jackson
17%
Creator of Cosmic Wars Randall Curtis
17%
Film that inspires Homer to challenge people to duels The Poke of Zorro
17%
No matching quizzes found
Score Distribution
Percent of People with Each Score
Percentile by Number Answered
Your Score History
You have not taken this quiz